Ajax Amsterdam - Les joueurs à plus de 100 matchs - Statistiques

Statistiques générales
  • Ce quiz a été pris 130 fois
  • Le résultat moyen est 12 sur 36
Statistiques - réponses
Joueurs Matchs % Correct
Siem De Jong 268
85%
Daley Blind 272
80%
Matthijs De Ligt 117
79%
Dusan Tadic 153
77%
André Onana 204
74%
Hakim Ziyech 165
73%
David Neres 162
59%
Nicolas Tagliafico 141
59%
Noussair Mazraoui 106
58%
Donny Van de Beek 175
55%
Klaas Jan Huntelaar 258
52%
Lasse Schone 279
48%
Maarten Stekelenburg 306
40%
Davy Klaassen 231
39%
Luis Suarez 159
38%
Christian Eriksen 162
31%
Jasper Cillessen 143
29%
Joel Veltman 246
29%
Jan Vertonghen 220
28%
Kasper Dolberg 119
26%
Toby Alderweireld 186
26%
Grégory Van der Wiel 191
16%
Amin Younes 100
13%
Ryan Babel 144
12%
Kenneth Vermeer 138
9%
Anwar El Ghazi 100
8%
Viktor Fischer 111
7%
Nick Viergever 119
6%
Vurnon Anita 152
6%
Miralem Sulejmani 158
5%
Thulani Serero 121
5%
Urby Emanuelson 255
5%
Eyong Enoh 149
4%
Niklas Moisander 105
4%
Ricardo Van Rhijn 157
3%
Kolbeinn Sigthorsson 106
1%
Aucun quiz correspondant
Distribution des résultats
% des personnes avec chaque résultat
Percentile par nombre de réponses
Votre historique - résultats
Vous n’avez pas pris ce quiz